Этическая и правовая сторона проведения клинических исследований (Запись № 4248296)

Подробности
000 -МАРКЕР
контрольное поле 01909nam0a2200349 i 4500
001 - ИДЕНТИФИКАТОР ЗАПИСИ
контрольное поле RU\NLR\bibl\2004072
005 - ИДЕНТИФИКАТОР ВЕРСИИ
контрольное поле 20260406021054.0
010 ## - МЕЖДУНАРОДНЫЙ СТАНДАРТНЫЙ НОМЕР КНИГИ (ISBN)
Номер (ISBN) 9785988112372
Тираж 1000
021 ## - НОМЕР ГОСУДАРСТВЕННОЙ РЕГИСТРАЦИИ
Код страны Российская Федерация
Номер 2013-7113
Номер Листа государственной регистраци 510
035 ## - ДРУГИЕ СИСТЕМНЫЕ НОМЕРА
Идентификатор записи (NLR Aleph) 001992755
100 ## - ДАННЫЕ ОБЩЕЙ ОБРАБОТКИ
Данные общей обработки 20130222d2013 k y0rusy50 ca
101 1# - ЯЗЫК РЕСУРСА
Язык текста, звукозаписи и т.д. русский
Язык оригинала английский
102 ## - СТРАНА ПУБЛИКАЦИИ ИЛИ ПРОИЗВОДСТВА
Страна публикации Российская Федерация
105 ## - ПОЛЕ КОДИРОВАННЫХ ДАННЫХ: ТЕКСТОВЫЕ МАТЕРИАЛЫ, МОНОГРАФИЧЕСКИЕ
Кодированные данные о монографическом текстовом документе y |||||||||
200 1# - ЗАГЛАВИЕ И СВЕДЕНИЯ ОБ ОТВЕТСТВЕННОСТИ
Основное заглавие Этическая и правовая сторона проведения клинических исследований
Параллельное заглавие Ethical and regulatory aspects of clinical research
Сведения, относящиеся к заглавию сборник статей и комментариев
Первые сведения об ответственности Иезекииль Дж. Эмануэль, M.D., Ph.D, Роберт А. Крауч, преп., Джон Д. Аррас, Ph.D [и др.]
Последующие сведения об ответственности пер. с англ. под ред. В.В. Власова
Язык параллельного заглавия английский
210 ## - ПУБЛИКАЦИЯ, РАСПРОСТРАНЕНИЕ И ДР.
Место издания, распространения и т.д. Москва
Имя издателя, распространителя и т. д. Практическая медицина
Дата издания, распространения и т.д. 2013
215 ## - ФИЗИЧЕСКАЯ ХАРАКТЕРИСТИКА
Специфическое обозначение материала и объем XXX, 493 с.
Размеры 28
300 ## - ОБЩИЕ ПРИМЕЧАНИЯ
Текст примечания Авт. также на англ. яз.: Ezekiel J. Emanuel, Robert A. Crouch, John D. Arras [et al.]
300 ## - ОБЩИЕ ПРИМЕЧАНИЯ
Текст примечания На обл. 1-й авт.: Иезекиил Дж. Эммануэль, 2-й авт.: Роберт А. Краун
320 ## - ПРИМЕЧАНИЯ О НАЛИЧИИ В ДОКУМЕНТЕ БИБЛИОГРАФИИ / УКАЗАТЕЛЯ
Текст примечания Библиогр.: с. 5 (20 назв.) и в подстроч. примеч.
510 0# - ПАРАЛЛЕЛЬНОЕ ЗАГЛАВИЕ
Параллельное заглавие Ethical and regulatory aspects of clinical research
Язык заглавия английский
606 ## - НАИМЕНОВАНИЕ ТЕМЫ КАК ПРЕДМЕТ
Наименование темы Медицинская помощь платная
Тематический подзаголовок Правовое регулирование
Системный номер авторитетной/нормативной записи 1120808
Идентификатор авторитетной/нормативной записи RU\NLR\auth\66444056
686 ## - ИНДЕКСЫ ДРУГИХ КЛАССИФИКАЦИЙ
Индекс Х811.4
701 #1 - ИМЯ ЛИЦА - АЛЬТЕРНАТИВНАЯ ОТВЕТСТВЕННОСТЬ
Код отношения Автор
Материалы, к которым относится поле rus
Графика поля Кириллица
Начальный элемент ввода Эмануэль
Часть имени, кроме начального элемента ввода И. Дж.
Даты 1957-
Расширение инициалов личного имени Иезекииль Дж.
Идентификатор авторитетной/нормативной записи RU\NLR\auth\77122561
Системный номер авторитетной/нормативной записи 105486
701 #1 - ИМЯ ЛИЦА - АЛЬТЕРНАТИВНАЯ ОТВЕТСТВЕННОСТЬ
Код отношения Автор
Материалы, к которым относится поле rus
Графика поля Кириллица
Начальный элемент ввода Крауч
Часть имени, кроме начального элемента ввода Р. А.
Расширение инициалов личного имени Роберт А.
Идентификатор авторитетной/нормативной записи RU\NLR\auth\77122570
Системный номер авторитетной/нормативной записи 105495
701 #1 - ИМЯ ЛИЦА - АЛЬТЕРНАТИВНАЯ ОТВЕТСТВЕННОСТЬ
Начальный элемент ввода Аррас
Часть имени, кроме начального элемента ввода Д. Д.
Расширение инициалов личного имени Джон Д.
Код отношения Автор
801 #0 - ИСТОЧНИК ЗАПИСИ
Страна Российская Федерация
Организация NLR
Дата составления 20130222
Правила каталогизации RCR
801 #1 - ИСТОЧНИК ЗАПИСИ
Страна Российская Федерация
Организация NLR
Дата составления 20130222
942 ## - ДОПОЛНИТЕЛЬНЫЕ ЭЛЕМЕНТЫ ЗАПИСИ (АБИС)
Тип экземпляра АБИС Книга
980 ## - КОЛЛЕКЦИЯ
Название коллекции НБР

Нет доступных экземпляров.